Các tội xâm phạm nghĩa vụ, trách nhiệm của quân nhân
Tập 1 quyển sách "Các tội xâm phạm nghĩa vụ, trách nhiệm của quân nhân" giới thiệu những khái niệm cơ bản về tội phạm, các loại tội phạm. Khái quát về tội xâm phạm nghĩa vụ trách nhiệm của quân nhân, các hình phạt các văn bản pha...
محفوظ في:
| المؤلف الرئيسي: | |
|---|---|
| التنسيق: | كتاب |
| اللغة: | Undetermined |
| منشور في: |
Hà Nội
Tư Pháp
2006
|
| الموضوعات: | |
| الوسوم: |
إضافة وسم
لا توجد وسوم, كن أول من يضع وسما على هذه التسجيلة!
|
| Thư viện lưu trữ: | Trung tâm Học liệu Trường Đại học Cần Thơ |
|---|
| LEADER | 01006nam a2200217Ia 4500 | ||
|---|---|---|---|
| 001 | CTU_112895 | ||
| 008 | 210402s9999 xx 000 0 und d | ||
| 020 | |c 29000 | ||
| 082 | |a 343.597013 | ||
| 082 | |b B450/T1 | ||
| 100 | |a Nguyễn, Mai Bộ | ||
| 245 | 0 | |a Các tội xâm phạm nghĩa vụ, trách nhiệm của quân nhân | |
| 245 | 0 | |c Nguyễn Mai Bộ | |
| 260 | |a Hà Nội | ||
| 260 | |b Tư Pháp | ||
| 260 | |c 2006 | ||
| 520 | |a Tập 1 quyển sách "Các tội xâm phạm nghĩa vụ, trách nhiệm của quân nhân" giới thiệu những khái niệm cơ bản về tội phạm, các loại tội phạm. Khái quát về tội xâm phạm nghĩa vụ trách nhiệm của quân nhân, các hình phạt các văn bản pháp luật liên quan đến tội phạm này. | ||
| 650 | |a Military law | ||
| 650 | |z Viet Nam | ||
| 904 | |i Minh | ||
| 980 | |a Trung tâm Học liệu Trường Đại học Cần Thơ | ||